• 首页
  • 本馆介绍
  • 公告通知
  • 最新文献
  • 馆藏检索
  • 电子资源
  • 读者导购
  • 参考咨询
  • 我的图书馆
  • 登录
  • 详细信息显示
  • 放入我的书架
  • 预约/预借图书
  • 作者相关作品
  • 分类相关作品
  • 丛书相关作品
  • 出版社相关作品

书目信息

  • 表格格式
  • 工作单格式
  • 卡片格式
题名:
管子
    
 
作者: 管仲 著 ;李文娟 , 李远燕 译注
分册:  
出版信息: 广州   广州出版社  2004
页数: 283页
开本: 21cm
丛书名: 中国古典名著译注丛书
单 册:
中图分类: B226.14
科图分类:
主题词: 法家
电子资源:
ISBN: 7-80592-373-6
000 01611nam0 2200493 450
000 01576nam0 2200481 450
000 01539nam0 2200469 450
000 01473nam0 2200457 450
000 01436nam0 2200445 450
000 01419nam0 2200445 450
000 01365nam0 2200421 450
000 01328nam0 2200409 450
000 01261nam0 2200397 450
000 01224nam0 2200385 450
000 01232nam0 2200397 450
000 01178nam0 2200373 450
000 01140nam0 2200361 450
000 01049oam2 2200325 450
001 002721606
005 20061027102829.92
010    @a7-80592-373-6@dCNY9.50
100    @a20040802d2004 em y0chiy0110 ea
101 0  @achi
102    @aCN@b440000
105    @aa z 000yy
200 1  @a管子@Aguan zi@f(春秋)管仲著@F(chun qiu)guan zhong zhu@g李远燕,李文娟译注@Gli yuan yan,li wen juan yi zhu
205    @a2版
210    @a广州@c广州出版社@d2004
215    @a283页@d21cm
225 2  @a中国古典名著译注丛书
308    @a丛书第一辑 4 双色图文藏本
330    @a本书收入十七篇,即:牧民、形势、权修、立政、五辅、宙合、枢言、法禁、大匡、小匡、霸形、戒、侈糜、任法、正世、内业、禁藏。
461  0 @1001012002030958@12001 @a中国古典名著译注丛书
605    @a管子
605    @a管子@x译文
606 0  @a法家
690    @aB226.14@v4
701  0 @c(春秋)@a管仲@9guan zhong@f(?~公元前645)@4著
702  0 @a李文娟@9li wen juan@c(古籍研究)@4译注
702  0 @a李远燕@9li yuan yan@4译注
801  0 @aCN@bNLC@c20061027
905    @aBZT@dB226.14@e1
906    @dCNY16.00@n0@r1
    
    管子/(春秋)管仲著/李远燕,李文娟译注.-2版.-广州:广州出版社,2004
    283页;21cm.-(中国古典名著译注丛书)
    
    
    ISBN 7-80592-373-6:CNY9.50
    本书收入十七篇,即:牧民、形势、权修、立政、五辅、宙合、枢言、法禁、大匡、小匡、霸形、戒、侈糜、任法、正世、内业、禁藏。
●
相关链接 在五车中查询图书 在当当中查询图书 在豆瓣中查询图书


正题名:管子     索取号:B226.14/1         预约/预借

序号 登录号 条形码 馆藏地/架位号 状态 备注
1 496881   230016893   中心书库南/001架B面2层6列/ [索取号:B226.14/1] 在馆    
2 496882   230016892   中心书库南/001架B面2层6列/ [索取号:B226.14/1] 在馆    
3 496883   230016891   中心书库南/001架B面2层6列/ [索取号:B226.14/1] 在馆    
4 496884   230016890   中心书库南/001架B面2层6列/ [索取号:B226.14/1] 在馆    
5 496885   230016889   中心书库南/001架B面2层6列/ [索取号:B226.14/1] 在馆    
6 512281   230090499   中心书库南/001架B面2层6列/ [索取号:B226.14/1] 在馆    
7 512282   230090498   中心书库南/001架B面2层6列/ [索取号:B226.14/1] 在馆    
8 512283   230090497   中心书库南/001架B面2层6列/ [索取号:B226.14/1] 在馆    
9 512284   230090496   中心书库南/001架B面2层6列/ [索取号:B226.14/1] 在馆    
10 512285   230090495   中心书库南/001架B面2层6列/ [索取号:B226.14/1] 在馆    
山东省滨州职业学院图书馆 欢迎您!
大连网信软件有限公司© 版权所有